<?xml version="1.0" encoding="UTF-8"?>
<collection xmlns="http://www.loc.gov/MARC21/slim">
 <record>
  <leader>01271pamaa2200229   4500</leader>
  <controlfield tag="001">0000045819</controlfield>
  <controlfield tag="005">20121206090000.0</controlfield>
  <controlfield tag="008">090814                             eng  </controlfield>
  <datafield tag="020" ind1="0" ind2="0">
   <subfield code="a">9780130184047 (CD-ROM) </subfield>
  </datafield>
  <datafield tag="090" ind1="0" ind2="0">
   <subfield code="a">RB37.5 </subfield>
   <subfield code="b">LEA 2004</subfield>
  </datafield>
  <datafield tag="100" ind1="1" ind2="0">
   <subfield code="a">Leach </subfield>
  </datafield>
  <datafield tag="245" ind1="1" ind2="0">
   <subfield code="a">Prentice Hall health outline review of medical techology/clinical laboratory science [</subfield>
   <subfield code="m">CD-ROM]  </subfield>
   <subfield code="c">Donna L. Leach, Denny G. Ryman; </subfield>
   <subfield code="f">consulting editor, Linda Graves; </subfield>
   <subfield code="f">consulting editor, Linda Graves; </subfield>
   <subfield code="f">associate; </subfield>
   <subfield code="f">consulting editor, Linda Graves; </subfield>
   <subfield code="f">associate; </subfield>
   <subfield code="f">consulting editors, Frank J. Scarano, Deanna D. Klosinski.</subfield>
  </datafield>
  <datafield tag="260" ind1="0" ind2="0">
   <subfield code="a">Upper Saddle River, N.J.: </subfield>
   <subfield code="b">Pearson/Prentice Hall, </subfield>
   <subfield code="c">2004.</subfield>
  </datafield>
  <datafield tag="300" ind1=" " ind2=" ">
   <subfield code="a">1 CD-ROM; </subfield>
   <subfield code="c">4.5 inch.</subfield>
  </datafield>
  <datafield tag="440" ind1="0" ind2="0">
   <subfield code="a">Success across the boards</subfield>
  </datafield>
  <datafield tag="500" ind1="0" ind2="0">
   <subfield code="a">To accompany textbook titled &quot;Prentice Hall health outline review of medical techology/clinical laboratory science / Donna L. Leach, Denny G. Ryman ; consulting editor, Linda Graves ; associate ; consulting editors, Frank J. Scarano, Deanna D. Klosinski&quot;</subfield>
  </datafield>
  <datafield tag="501" ind1="0" ind2="0">
   <subfield code="a">BMLTI</subfield>
  </datafield>
  <datafield tag="650" ind1="0" ind2="0">
   <subfield code="a">Medical laboratory technology -- </subfield>
   <subfield code="x">Outlines, syllabi, etc </subfield>
  </datafield>
  <datafield tag="650" ind1="0" ind2="0">
   <subfield code="a">Technology, Medical -- </subfield>
   <subfield code="x">Outlines </subfield>
  </datafield>
  <datafield tag="650" ind1="0" ind2="0">
   <subfield code="a">Clinical Laboratory Techniques -- </subfield>
   <subfield code="x">Outlines </subfield>
  </datafield>
  <datafield tag="700" ind1="1" ind2="1">
   <subfield code="a">Ryman, </subfield>
   <subfield code="h">Denny G. </subfield>
  </datafield>
  <datafield tag="901" ind1=" " ind2=" ">
   <subfield code="u">www.prenhall.com</subfield>
  </datafield>
 </record>
</collection>
